00604 2200169 4500245003600000020002200036250001100058100001700069650002000086005001900106260004200125041001400167084000800181300002300189500021300212336000900425 aHalo , TifacAyu WeliranghText a978-602-03-2510-1 aCet. 1 aAyu Welirang aNovel Indonesia a20231003110151 aJakartabGramedia Pustaka Utamac2016 aIndonesia a813 a256 hlm. :c20 cm. aSMK Pratama Putra selalu di dominasi murid laki-laki. Tak heran bila di tingkat akhir, Terra dan teman-teman nya masih sibuk tawuran. Hingga suatu hari cewek mungil bernama Tifa datang sebagai siswi pindahan. atext